Ние бранихме тебе, София (Запис номер 187921)
[ съкратено ]
| 000 -Лидер | |
|---|---|
| Контролно поле с фиксирана дължина | nam a22 a 4500 |
| 003 - Код на организацията, давaща контролен номер | |
| Контролно поле | BLK |
| 005 - Дата и час на последна редакция | |
| Контролно поле | 20221026125149.0 |
| 008 - Елементи от данни с фиксирана дължина | |
| fixed length control field | 180411b bul|||||r ||||||| ||bul|| |
| 010 ## - Наследен системен номер | |
| LC control number | KNG00196938000 |
| 040 ## - Източник на каталожния запис | |
| Идентификатор на билиотеката - собственик на записа | BLK |
| 041 ## - Код за език | |
| Код за езика на текст/звукозапис или на отделно заглавие | Български |
| Код за езика КДБФ | Български |
| 080 ## - УДК | |
| Текстов определител УДК | Военно дело. Военни науки. Народна отбрана. Въоръжени сили |
| УДК код - определител по УДК | 355/359 |
| УДК - код + определител | 355/359 |
| 080 ## - УДК | |
| Текстов определител УДК | Военновъздушни сили. Вж и 355.3 ; 359 |
| УДК код - определител по УДК | 358.4 |
| УДК определител | (093) |
| УДК - код + определител | 358.4(093) |
| 100 1# - Редна дума - Автор | |
| Автор | Стоянов, Стоян Илиев |
| Авторска отговорност | първи автор |
| R(LIN) | 340134 |
| 139 ## - Редно поле | |
| Редна дума | Стоянов, Стоян Илиев |
| Авторски знак | Стоя - С 83 |
| 245 10 - Сведения за заглавието | |
| Заглавие | Ние бранихме тебе, София |
| Подзаглавни данни | Спомени |
| Редно поле (дума) | Стоян Илиев Стоянов; лит. обраб. Георги Иванов Пенчев; предг. от Захари Захариев. |
| 257 ## - Страна на издаване | |
| Страна на създаване/издаване | България |
| 260 ## - Област на издателските данни | |
| Място на издаване, разпространение и проч. | София |
| Име на издателя, разпространителя и проч. | Държ. воен. изд. |
| Година на издаване | 1972 |
| 9 (RLIN) | 215670 |
| Информация за издателството | ДВИ |
| 300 ## - Физическа характеристика | |
| Страници | 195 с. |
| Размери/Мащаб | 25 см |
| 380 ## - Жанр | |
| Жанр | Обществени науки |
| 500 ## - Общи забележки | |
| Забележка | 10 100 тир. - Отбраната на София от бълг. летци по време на англо-американските бомбардировки 1943 - 1944 г. |
| 650 #4 - Допълнително описание по предмет – тема | |
| Основно описание – тема или топоним | Втора световна война - въздушни операции |
| 9 (RLIN) | 271559 |
| 650 #4 - Допълнително описание по предмет – тема | |
| Основно описание – тема или топоним | Летци, български - спомени |
| 9 (RLIN) | 318868 |
| 700 1# - Други автори (авторска отговорност) | |
| Лично име | Пенчев, Георги Иванов |
| Автороска отговорност (Описва отношението между автора и произведението) | лит. обраб. |
| 9 (RLIN) | 370871 |
| 700 1# - Други автори (авторска отговорност) | |
| Лично име | Захариев, Захари |
| Автороска отговорност (Описва отношението между автора и произведението) | предг. от |
| 9 (RLIN) | 378334 |
| 852 ## - Местоположение | |
| Форматна сигнатура | Цб 64290 |
| Фондова буква | Хранилище |
| 856 4# - Електронен адрес и достъп | |
| Електронен формат | pdf - файл |
| Инструкция (цена за достъп) | 0.00 |
| Права за достъп | disable |
| 856 4# - Електронен адрес и достъп | |
| Електронен формат | pdf - файл |
| Инструкция (цена за достъп) | 0.00 |
| Права за достъп | disable |
| 999 ## - СИСТЕМНИ КОНТРОЛНИ НОМЕРА | |
| Koha biblionumber | 187921 |
| Koha biblioitemnumber | 187921 |
| 942 ## - АРТИКУЛИ | |
| Вид на библиотечния материал | Книги |
| Скрит в OPAC | Не |
| Периодичен библиозапис | Да |
| 944 ## - СЪЗДАВАНЕ И РЕДАКЦИЯ на ЗАПИСА | |
| Създаване/Редакция | Създаване |
| Дата на регистрацията/редакция | 28.11.2016 |
| Служител, извършил регистрацията/редакцията | Грета_Цуфелде |
| 944 ## - СЪЗДАВАНЕ И РЕДАКЦИЯ на ЗАПИСА | |
| Създаване/Редакция | Редакция |
| Дата на регистрацията/редакция | 2022-07-26 |
| Служител, извършил регистрацията/редакцията | ир |
| 999 ## - СИСТЕМНИ КОНТРОЛНИ НОМЕРА | |
| Koha biblioitemnumber | 187921 |
| 999 ## - СИСТЕМНИ КОНТРОЛНИ НОМЕРА | |
| Koha biblioitemnumber | 187921 |
| Код за отписване | Код за изгубен артикул | Източник на класификационната схема | Код за повреда | Коз за рестрикции | Код за отдаване | Артикулен № | Име на библиотеката - собственик | Име на библиотеката, в която се намира в момента | Статус (Текущо местоположение) | Дата на вписване в системата | Местоположение - отдел | Цена в лева | Инвентарен номер | Систематично азбучна сигнатура | Баркод | Номер на екземпляра | Цена в евро | Служебна бележка | Служебен тип на артикула | Бележка за публиката |
|---|---|---|---|---|---|---|---|---|---|---|---|---|---|---|---|---|---|---|---|---|
| Не е изгубен | Universal Decimal Classification | Не е повреден | само за читалня | ползва се в читалня | 328678 | Регионална библиотека "Любен Каравелов" Русе | Регионална библиотека "Любен Каравелов" Русе | Хранилище | 1972-01-01 | Хранилище | 1.05 | 125876 | Цб 64290 | 120000125876 | 1 | 0.54 | N: стар фонд Дата: 01.01.1972 | Книги | ||
| Изтеглен | Не е изгубен | Не е повреден | без рестрикции | заемане за дома | 328679 | Регионална библиотека "Любен Каравелов" Русе | Регионална библиотека "Любен Каравелов" Русе | 1972-01-01 | Заемна - подръчен фонд | 1.05 | 123004 | П 355/359/С 83 | 123004 | 2 | 0.54 | N: стар фонд Дата: 01.01.1972 | Книги | Отч.N: 28/2018 , Дата: 28.03.2018 | ||
| Изтеглен | Не е изгубен | Universal Decimal Classification | Не е повреден | без рестрикции | заемане за дома | 328680 | Регионална библиотека "Любен Каравелов" Русе | Регионална библиотека "Любен Каравелов" Русе | Заемна - подръчен фонд | 1972-01-01 | Заемна - подръчен фонд | 1.05 | 123005 | П 355/359/С 83 | 123005 | 3 | 0.54 | N: стар фонд Дата: 01.01.1972 Дата инв: 06.02.2018 Бележки инв: П2018 | Книги |